000 00342 a2200157 4500
001 75770
020 _a8534905576
040 _cAnchieta - Colégio São Paulo
100 _aBelinky, Tatiana
240 1 0 _aBranca de Neve
_lpor
245 1 0 _aBranca de Neve
300 _a22
362 0 _a2002
650 4 _aLiteratura infantil
942 _cBK
999 _c75770
_d75770